Taylor Swift 86 - Statistics

General Stats
  • This quiz has been taken 13 times
  • The average score is 281 of 317
Answer Stats
Answer % Correct
a
100%
but
100%
'cause
100%
don't
100%
get
100%
how
100%
I
100%
I'd
100%
I'm
100%
in
100%
it
100%
it's
100%
just
100%
know
100%
me
100%
my
100%
not
100%
of
100%
so
100%
the
100%
there
100%
this
100%
to
100%
up
100%
when
100%
with
100%
you
100%
your
100%
you're
100%
and
89%
best
89%
better
89%
first
89%
gets
89%
hand
89%
head
89%
middle
89%
now
89%
off
89%
oh
89%
on
89%
out
89%
really
89%
something
89%
take
89%
than
89%
there's
89%
wanna
89%
way
89%
we
89%
well
89%
we're
89%
why
89%
yeah
89%
ask
78%
'bout
78%
car
78%
dance
78%
down
78%
dress
78%
fearless
78%
here
78%
if
78%
lot
78%
making
78%
parking
78%
storm
78%
street
78%
want
78%
baby
67%
caught
67%
cool
67%
drive
67%
driving
67%
hair
67%
hands
67%
kiss
67%
looks
67%
moment
67%
more
67%
put
67%
rained
67%
right
67%
road
67%
run
67%
stay
67%
through
67%
'til
67%
walk
67%
wonder
67%
absent-mindedly
56%
capture
56%
doorway
56%
drag
56%
eyes
56%
flawless
56%
glow
56%
hard
56%
little
56%
one-horse
56%
passenger
56%
pavement
56%
pull
56%
remember
56%
seat
56%
shake
56%
slow
56%
stood
56%
town
56%
trying
56%
usually
56%
brave
44%
No matching quizzes found
Score Distribution
Percent of People with Each Score
Percentile by Number Answered
Your Score History
You have not taken this quiz